000
00236nam a2200097Ia 4500
008
120527s9999 xx 000 0 und d
100
_a
MATHEWS, J.
245
_a
Ergonomics in Agricultural equipment design
260
_b
NIAE
942
_c
BK
999
_c
25150
_d
25150